Kommunen im Rhein-Kreis Neuss - Statistiken

Allgemein
  • Dieses Quiz wurde 50 mal gespielt
  • Das Durchschnittsergebnis liegt bei 6 aus 8
Antwortstatistiken
Einwohnerzahl Kommune % Korrekt
154.317 Neuss
94%
43.295 Kaarst
86%
65.983 Grevenbroich
75%
63.799 Dormagen
69%
23.926 Jüchen
67%
57.078 Meerbusch
67%
34.600 Korschenbroich
61%
14.079 Rommerskirchen
44%
Keine übereinstimmenden Quizze gefunden
Verteilung der Resultate
Anzahl Personen mit jedem Resultat
Perzentil nach korrekt beantworteten Fragen
Ihre Resultats-Entwicklung
Sie haben dieses Quiz noch nicht gespielt